000 01151nam a2200229 i 4500
001 160439
003 ES-MaACL
005 20250927112022.0
008 981002q1870 fr af |||| | fre d
245 0 3 _aLe Musée galant du dix-huitième siecle
_b: facsimilés d'estampes originales en noir et en couleurs /
_cchefs-d'oeuvre de Baudouin, Boilly, Boucher ... [et al.].
260 _aParis :
_bG. Charpentier & E. Fasquelle,
_c[ca. 1870] (
_eSceaux :
_fImp. Charaire et Cie)
300 _a10 fasc. :
_btodas il. col. y n. ;
_c28 x 35 cm.
530 _aDisponible en formato digital.
596 _aPie de imp. del fasc. 10 : Paris : G. Charpentier & Fasquelle, editeurs, Eugène Fasquelle, successeur.
599 _aLas [6] p. de lám. de cada fascículo son grab. facsímiles.
650 0 4 _aPintura francesa-
_xS.XVIII.
_916050
700 1 _aBaudouin, Pierre Antoine,
_d1723-1769
_9163638
700 1 _aBoucher, François,
_d1703-1770
_9156306
852 _aES-MaACL
_jG-12261
_z- Enc. hol.
856 _uhttps://bvpb.mcu.es/es/consulta/registro.do?id=577732
_zBiblioteca Virtual del Patrimonio Bibliográfico
999 _c160439
_d160439